| 000 | 00949nam0a2200277 4500 | ||
|---|---|---|---|
| 001 | RU\NLR\ONL1\20830 | ||
| 005 | 20260406144704.0 | ||
| 035 | _a(NLR Aleph) 010206554 | ||
| 090 |
_a10254829 _c10254829 |
||
| 100 | _a20121011d1939 u y0rusy50 ca | ||
| 101 | 1 |
_akom _crus |
|
| 102 | _aRU | ||
| 105 | _ac ||||||||| | ||
| 200 | 1 |
_aБöрйöм гижöдъяс _e[пер. с рус.] _fМ. Е. Салтыков-Щедрин |
|
| 210 |
_aСыктывкар _cКомигиз _d1939 |
||
| 215 |
_a318 с. _cпортр. _d22 |
||
| 541 | 1 |
_aИзбранные произведения _zrus |
|
| 686 | 1 | _aШ6(2=Ко)-91Р5 я44 | |
| 700 | 1 |
_4070 _8rus _7ca _aСалтыков-Щедрин _bМ. Е. _f1826-1889 _gМихаил Евграфович _3RU\NLR\auth\774332 _9114313 |
|
| 801 | 0 |
_aRU _bNLR _c20121011 _gPSBO |
|
| 852 |
_aNLR _bОНЛ _jКоми-з./3-156 |
||
| 899 | _aНБ | ||
| 942 | _cBOOK | ||
| 980 | _aNB | ||